| 000 | 02306nam a2200517 a 4500 | ||
|---|---|---|---|
| 001 | 143173 | ||
| 003 | BLK | ||
| 005 | 20250128005502.0 | ||
| 008 | 180409b bul|||||r ||||||| ||bul|| | ||
| 010 | _aKNG00149289000 | ||
| 040 | _aBLK | ||
| 041 |
_aBUL _cBUL |
||
| 072 | 7 |
_2bullib _aК _xКраезнание |
|
| 080 |
_aАприлско въстание (1876). Четата на Хр. Ботев _b94(497.2)"1876" _z94(497.2)"1876" |
||
| 100 | 1 |
_aГандев, Христо _eпърви автор _9366531 |
|
| 139 |
_aГандев, Христо _bГ 19 |
||
| 245 | 1 | 0 |
_aАприлското въстание 1876 _bМоногр. _cХристо Гандев |
| 250 | _a2. прераб. изд. | ||
| 257 | _aBGR | ||
| 260 |
_aСофия _bНаука и изкуство _c1974 _fПлевен : Ал. Пъшев |
||
| 300 |
_a227 с., 32 л. _bил., факс. _c21 см |
||
| 380 | _a9 | ||
| 500 | _a1. изд. 1956. | ||
| 504 | _aБиблиогр. с. 208-213. | ||
| 520 | _aРез. на рус. и англ. ез. Именен и геогр. показалци. На с. 84,88,115,118,122,139,152 - Революционната дейност на Панайот Волов, героичното му участие във въстанието, гибелта му след неуспеха на въстанието. Реформи на Мидхат паша - с.13-14. | ||
| 650 | 0 |
_aБългария - история, османско владичество _9245876 |
|
| 650 | 7 |
_aАприлско въстание, 1876 г. _9147292 |
|
| 651 | 4 |
_aБългария _9241624 |
|
| 653 | _aбългарска история | ||
| 653 | _aАприлско въстание | ||
| 653 | _aнационалноосвободителни движения | ||
| 653 | _aосманско владичество | ||
| 653 |
_aПанайот Волов _9193271 |
||
| 653 |
_aМидхат паша _9190965 |
||
| 659 | _aК | ||
| 852 |
_aЦб 74407 _bЦб |
||
| 852 | _aК 94(497.2)"1876"/Г 19 Х | ||
| 856 | 4 | _qpdf | |
| 856 | 4 | _qpdf | |
| 942 |
_cKNG _n0 _s1 |
||
| 944 |
_aCR _c14.08.2013 _lCRON CRON _k |
||
| 944 |
_aED _c01.09.2016 _l14.08.2013 - от С1,Р / 14.08.2013 _kТеодора_Стоянова |
||
| 999 |
_c143173 _d143173 |
||
| 999 | _d143173 | ||
| 999 | _d143173 | ||
| 999 | _d143173 | ||